000 01116nam a2200301 i 4500
005 20260429121912.0
008 260426t20252024my a gr 000 0bmay d
020 _a9789673699636
_cRM30.00
_qpaperback
040 _aPPAK
_beng
_cPPAK
_erda
041 1 _amay
_hind
082 0 4 _223
_a158.1088297
090 0 0 _a158.1088297
_bREV
_dG
100 0 _aRevendeva.
_q(Reven Praga Deva),
_eauthor.
245 1 0 _aUZLAH :
_bSeni Mengambil Jeda daripada Riuhnya Dunia /
_cREVENDEVA.
246 3 3 _iTranslation of:
_aThe art of uzlah
250 _aFirst Printing Edition.
264 1 _aBatu Caves, Selangor :
_bPUTEH PRESS,
_c2025
264 4 _c©2024
300 _a216 pages :
_cillustrations ;
_b21 cm
336 _atext
_2rdacontent
337 _aunmediated
_2rdamedia
338 _avolume
_2rdacarrier
546 _aText in Malay, translated from Indonesia.
650 1 0 _aSelf-actualization (Psychology)
_xReligious aspects
_xIslam
650 2 0 _aMotivation (Psychology)
_xReligious aspects
_xIslam
650 2 0 _aSelf-acceptance
_xReligious aspects
_xIslam
942 _2ddc
_cB
999 _c204028
_d204028